| 000 -LEADER |
| fixed length control field |
02011cam a22004334a 4500 |
| 001 - CONTROL NUMBER |
| control field |
16592456 |
| 003 - CONTROL NUMBER IDENTIFIER |
| control field |
Nust |
| 005 - DATE AND TIME OF LATEST TRANSACTION |
| control field |
20180117090022.0 |
| 008 - FIXED-LENGTH DATA ELEMENTS--GENERAL INFORMATION |
| fixed length control field |
101228s2010 dcuab b 101 0 eng c |
| 010 ## - LIBRARY OF CONGRESS CONTROL NUMBER |
| LC control number |
2010284211 |
| 020 ## - INTERNATIONAL STANDARD BOOK NUMBER |
| International Standard Book Number |
9780821385180 (pbk.) |
| 020 ## - INTERNATIONAL STANDARD BOOK NUMBER |
| International Standard Book Number |
0821385186 (pbk.) |
| 035 ## - SYSTEM CONTROL NUMBER |
| System control number |
(OCoLC)ocn670483310 |
| 040 ## - CATALOGING SOURCE |
| Original cataloging agency |
BTCTA |
| Language of cataloging |
eng |
| Transcribing agency |
BTCTA |
| Modifying agency |
YDXCP |
| -- |
INU |
| -- |
CDX |
| -- |
DLC |
| 042 ## - AUTHENTICATION CODE |
| Authentication code |
pcc |
| 043 ## - GEOGRAPHIC AREA CODE |
| Geographic area code |
d------ |
| 050 00 - LIBRARY OF CONGRESS CALL NUMBER |
| Classification number |
HC59.7 |
| Item number |
.K67 2010 |
| 082 00 - DEWEY DECIMAL CLASSIFICATION NUMBER |
| Classification number |
338.9009172/4 |
| Edition number |
22 |
| 111 2# - MAIN ENTRY--MEETING NAME |
| Meeting name or jurisdiction name as entry element |
Korea-World Bank High Level Conference on Post-Crisis Growth and Development |
| Date of meeting |
(2010 : |
| Location of meeting |
Pusan, Korea) |
| 245 10 - TITLE STATEMENT |
| Title |
Postcrisis growth and development : |
| Remainder of title |
a development agenda for the G-20 / |
| Statement of responsibility, etc. |
Shahrokh Fardoust, Yongbeom Kim, Claudia Sepúlveda, editors. |
| 260 ## - PUBLICATION, DISTRIBUTION, ETC. |
| Place of publication, distribution, etc. |
Washington, D.C. : |
| Name of publisher, distributor, etc. |
World Bank, |
| Date of publication, distribution, etc. |
c2011. |
| 300 ## - PHYSICAL DESCRIPTION |
| Extent |
xxxiv, 548 p. : |
| Other physical details |
ill., maps ; |
| Dimensions |
23 cm. |
| 500 ## - GENERAL NOTE |
| General note |
"Papers presented at the Korea-World Bank High Level Conference on Post-Crisis Growth and Development co-hosted by the Presidential Committee for the G-20 Seoul Summit and the World Bank, with the support of the Korea Institute for International Economic Policy." |
| 504 ## - BIBLIOGRAPHY, ETC. NOTE |
| Bibliography, etc. note |
Includes bibliographical references and index. |
| 610 20 - SUBJECT ADDED ENTRY--CORPORATE NAME |
| Corporate name or jurisdiction name as entry element |
Group of Twenty |
| Form subdivision |
Congresses. |
| 650 #0 - SUBJECT ADDED ENTRY--TOPICAL TERM |
| Topical term or geographic name entry element |
Economic development |
| Geographic subdivision |
Developing countries |
| Form subdivision |
Congresses. |
| 650 #0 - SUBJECT ADDED ENTRY--TOPICAL TERM |
| Topical term or geographic name entry element |
International finance |
| Form subdivision |
Congresses. |
| 650 #0 - SUBJECT ADDED ENTRY--TOPICAL TERM |
| Topical term or geographic name entry element |
Economic assistance |
| Geographic subdivision |
Developing countries |
| Form subdivision |
Congresses. |
| 650 #0 - SUBJECT ADDED ENTRY--TOPICAL TERM |
| Topical term or geographic name entry element |
Global Financial Crisis, 2008-2009 |
| Form subdivision |
Congresses. |
| 700 1# - ADDED ENTRY--PERSONAL NAME |
| Personal name |
Fardoust, Shahrokh, |
| Dates associated with a name |
1949- |
| 700 1# - ADDED ENTRY--PERSONAL NAME |
| Personal name |
Kim, Yongbeom. |
| 700 1# - ADDED ENTRY--PERSONAL NAME |
| Personal name |
Sepulveda, Claudia Paz, |
| Dates associated with a name |
1969- |
| 710 2# - ADDED ENTRY--CORPORATE NAME |
| Corporate name or jurisdiction name as entry element |
World Bank. |
| 710 2# - ADDED ENTRY--CORPORATE NAME |
| Corporate name or jurisdiction name as entry element |
Taeoe Kyŏngje Chŏngch'aek Yŏn'guwŏn (Korea) |
| 906 ## - LOCAL DATA ELEMENT F, LDF (RLIN) |
| a |
7 |
| b |
cbc |
| c |
pccadap |
| d |
2 |
| e |
ncip |
| f |
20 |
| g |
y-gencatlg |
| 942 ## - ADDED ENTRY ELEMENTS (KOHA) |
| Source of classification or shelving scheme |
|
| Koha item type |
Book |